[Event "AUTO-ADV-2422"]
[Site "http://www.queenalice.com/game.php?id=1032748"]
[Date "2012.2.24"]
[Round "1"]
[White "TomTheKing"]
[Black "Tinoco"]
[Result "1-0"]
[WhiteElo "1675"]
[BlackElo "1696"]

1. e4 c5 2. Bc4 a6 3. Qf3 e6 4. Nh3 h6 5. d3 Nc6 6. b3 b5 7. Nf4 Nd4 8. Qd1 bxc4
9. Bb2 cxd3 10. Qxd3 e5 11. Nd5 Bb7 12. Ne3 Nf6 13. Nd2 a5 14. Bxd4 cxd4 15.
Nec4 Ba6 16. O-O Qc7 17. a3 Bxc4 18. Nxc4 Qc6 19. f3 Be7 20. Nxe5 Qc5 21. Nc4
O-O 22. b4 axb4 23. axb4 Qxb4 24. Qxd4 Bc5 25. Rad1 Bxd4+ 26. Rxd4 Qc3 27. Rfd1
Ra1 28. h3 Rxd1+ 29. Rxd1 Qxc4 30. Rd2 Qc3 31. Rf2 Nh5 32. Kh2 1-0

[Event "AUTO-ADV-2422"]
[Site "http://www.queenalice.com/game.php?id=1032749"]
[Date "2012.2.24"]
[Round "1"]
[White "Tinoco"]
[Black "TomTheKing"]
[Result "0-1"]
[WhiteElo "1679"]
[BlackElo "1692"]

1. e4 e5 2. Nf3 d6 3. Bc4 Nh6 4. h3 Nc6 5. c3 Na5 6. Qa4+ Bd7 7. Qxa5 b6 8. Qb4
a5 9. Qb3 a4 10. Qc2 f5 11. d3 b5 12. Bxh6 bxc4 13. Bg5 Be7 14. Bxe7 Qxe7 15.
O-O fxe4 16. dxe4 g5 17. Nbd2 Be6 18. b3 axb3 19. axb3 Rxa1 20. Rxa1 cxb3 21.
Nxb3 Kd7 22. Qd1 Bxb3 23. Qxb3 h5 24. Qd5 g4 25. Qb5+ Ke6 26. Nh2 gxh3 27. gxh3
Qg5+ 28. Kf1 Rg8 29. Ke2 Qg2 30. Nf3 Rf8 31. Qd5+ Ke7 0-1

[Event "AUTO-ADV-2422"]
[Site "http://www.queenalice.com/game.php?id=1032758"]
[Date "2012.2.24"]
[Round "1"]
[White "Clovisto"]
[Black "Tinoco"]
[Result "1-0"]
[WhiteElo "1786"]
[BlackElo "1758"]

1. e4 c5 2. Qh5 e6 3. Nh3 Nf6 4. Qe5 Nc6 5. Qf4 h6 6. a3 g5 7. Qe3 a6 8. c3 Ne5
9. Be2 b5 10. b3 Bb7 11. d3 d5 12. exd5 Qxd5 13. f3 g4 14. Nf4 Qd6 15. d4 cxd4
16. cxd4 Ned7 17. Nc3 Rc8 18. Bd2 gxf3 19. Bxf3 Bxf3 20. gxf3 h5 21. d5 e5 22.
Ne4 Nxe4 23. Qxe4 Be7 24. Ke2 Nf6 25. Qf5 h4 26. Qxc8+ Bd8 27. Nd3 Nxd5 28. Rag1
f6 29. Rg7 Kf8 30. Rd7 Qb6 31. Rxd8+ 1-0

[Event "AUTO-ADV-2422"]
[Site "http://www.queenalice.com/game.php?id=1032759"]
[Date "2012.2.24"]
[Round "1"]
[White "Tinoco"]
[Black "Clovisto"]
[Result "0-1"]
[WhiteElo "1773"]
[BlackElo "1799"]

1. e4 e5 2. Nf3 f6 3. Nc3 c6 4. Bc4 g6 5. a3 b5 6. Bb3 d6 7. d3 Ne7 8. Bd2 d5 9.
exd5 cxd5 10. Nxb5 a6 11. Nc3 d4 12. Ne4 Nf5 13. O-O g5 14. Re1 h5 15. Nxf6+
Qxf6 16. Rxe5+ Be7 17. Bxg5 Qd6 18. Qe1 Nc6 19. Rd5 Qg6 20. Qe2 Be6 21. Re5 Nxe5
22. Qxe5 Kf7 23. Bxe6+ Qxe6 24. Bxe7 Kxe7 25. Qc5+ Kf6 26. Re1 Qd6 27. Qxd6+
Nxd6 28. Nxd4 Rae8 29. Rxe8 Rxe8 30. g3 Re1+ 31. Kg2 Nf5 32. Nc6 Re2 33. c4 Rxb2
34. Kf3 Rb3 35. Ke4 Rxa3 36. d4 Ra2 37. f4 Rxh2 38. Kf3 h4 39. gxh4 Rxh4 40. d5
Rh3+ 41. Kg4 Rg3+ 42. Kh5 Rc3 43. Na5 Nd6 44. Kg4 Nxc4 45. Nxc4 Rxc4 46. d6 Rd4
0-1

[Event "AUTO-OPEN-2619"]
[Site "http://www.queenalice.com/game.php?id=1032959"]
[Date "2012.2.25"]
[Round "1"]
[White "Paulsains"]
[Black "Tinoco"]
[Result "1/2-1/2"]
[WhiteElo "1982"]
[BlackElo "1758"]

1. e4 c5 2. Nf3 e6 3. Be2 a6 4. O-O Nc6 5. d4 cxd4 6. Nxd4 Bc5 7. Nxc6 bxc6 8.
Nc3 h6 9. Bf4 d6 10. e5 d5 11. Bf3 Ne7 12. Na4 Ba7 13. b3 Ng6 14. Bg3 O-O 15. c4
f5 16. Bh5 Ne7 17. Nc3 Bd7 18. cxd5 cxd5 19. Kh1 f4 20. Bh4 g5 21. Qg4 Nf5 22.
g3 Nxh4 23. gxh4 Kh7 24. Nd1 Bd4 25. Rc1 Bxe5 26. Re1 Bd4 27. Rg1 Rg8 28. Qf3
gxh4 29. Qxf4 Rxg1+ 30. Kxg1 Qg8+ 31. Kh1 e5 32. Qxh4 Rf8 33. Ne3 Bxe3 34. fxe3
d4 35. Qe4+ Kh8 36. Qxe5+ Qg7 37. Qxg7+ Kxg7 38. Rc7 Rd8 39. exd4 Kf6 40. Be2
Bb5 41. Bxb5 axb5 42. Rc6+ Kg7 43. Rb6 Rxd4 44. Rxb5 Rg4 45. a4 Kf7 46. a5 Ke7
47. Rh5 Rg6 48. b4 Kd7 49. Rc5 Ra6 50. Kg2 Kd6 51. Rh5 Kc7 52. Kf3 Re6 53. b5
Kb7 54. Kf4 Rd6 55. Ke5 Rg6 56. Rf5 Kc7 57. Rf6 Rg5+ 58. Rf5 Rg6 59. b6+ Kb7 60.
Kd5 Ka6 61. Kc4 Rc6+ 62. Kb4 Rg6 63. h3 Re6 64. Kc4 Re4+ 65. Kd3 Rh4 66. Rf3 h5
67. Ke2 Kxa5 68. b7 Rb4 69. Rf7 Ka6 70. Kf3 Rb3+ 71. Kf4 Ka7 72. h4 Rb5 73. Rh7
Kb8 74. Ke4 Rb4+ 75. Kf5 Rxh4 76. Kg5 Rh1 77. Kf6 h4 78. Kg5 h3 79. Kg4 Rg1+ 80.
Kf3 Rb1 81. Rxh3 1/2-1/2

[Event "AUTO-OPEN-2619"]
[Site "http://www.queenalice.com/game.php?id=1032960"]
[Date "2012.2.25"]
[Round "1"]
[White "Tinoco"]
[Black "Paulsains"]
[Result "1-0"]
[WhiteElo "1747"]
[BlackElo "1893"]

1. e4 e5 2. Nf3 d6 3. Bc4 h6 4. d3 Be7 5. Be3 Nf6 6. Nc3 O-O 7. a3 b6 8. h3 Bb7
9. O-O Nbd7 10. b4 c5 11. Nh2 cxb4 12. axb4 d5 13. exd5 Bxb4 14. Ne4 b5 15. Bxb5
Bxd5 16. Nxf6+ Nxf6 17. Rxa7 Rb8 18. c4 Be6 19. Nf3 e4 20. dxe4 Nxe4 21. Qxd8
Rfxd8 22. Nd4 Rbc8 23. Nxe6 fxe6 24. Ra6 Rd6 25. Rb1 Rxa6 26. Bxa6 Ra8 27. Bb7
1-0

[Event "AUTO-OPEN-2619"]
[Site "http://www.queenalice.com/game.php?id=1032979"]
[Date "2012.2.25"]
[Round "1"]
[White "al302254"]
[Black "Tinoco"]
[Result "1-0"]
[WhiteElo "1801"]
[BlackElo "1747"]

1. d4 d5 2. c4 c6 3. Nc3 Nf6 4. e3 Bf5 5. Bd3 Bg6 6. cxd5 Nxd5 7. Bxg6 hxg6 8.
e4 Nb6 9. e5 e6 10. Nf3 Na6 11. Ne4 Bb4+ 12. Ned2 Nc4 13. O-O Nxd2 14. Bxd2 Bxd2
15. Qxd2 Nc7 16. Rac1 Nd5 17. Ng5 Rh5 18. f4 Qe7 19. Qa5 f6 20. Ne4 fxe5 21.
fxe5 Qh4 22. Nd6+ Kd7 23. Rf7+ Ne7 24. Rxe7+ Qxe7 25. Rf1 Rf8 26. Rxf8 Qxf8 27.
Qxa7 Qxd6 28. exd6 Kxd6 29. Qb8+ Kd5 30. Qd8+ Kc4 31. Qd6 Rd5 32. Qxe6 Kxd4 33.
Qxg6 Ke3 34. Qg3+ Ke2 35. Qf2+ Kd3 36. h4 Ke4 37. Qf3+ Kd4 38. Qc3+ Ke4 39. Qxg7
1-0

[Event "AUTO-OPEN-2619"]
[Site "http://www.queenalice.com/game.php?id=1032980"]
[Date "2012.2.25"]
[Round "1"]
[White "Tinoco"]
[Black "al302254"]
[Result "1-0"]
[WhiteElo "1741"]
[BlackElo "1873"]

1. e4 e6 2. d4 d5 3. e5 Bb4+ 4. c3 Ba5 5. b4 Bb6 6. a4 a5 7. b5 c5 8. Nf3 Ne7 9.
Bd3 c4 10. Bc2 O-O 11. Bg5 Qe8 12. h4 h6 13. Be3 Nd7 14. g4 Bd8 15. h5 f5 16. g5
f4 17. Bd2 Nf5 18. Bxf4 hxg5 19. Bxg5 Bxg5 20. Nxg5 Nh6 21. Bh7+ Kh8 22. Bg6 Qe7
23. Qc1 b6 24. Rf1 Bb7 25. f4 Nc5 26. dxc5 Qxc5 27. Nxe6 Qe7 28. Nxf8 Rxf8 29.
Rh1 d4 30. Rh3 d3 31. Qa3 Qd8 32. Qd6 Qc8 33. Rh4 Nf5 34. Bxf5 Qxf5 35. Nd2 Bf3
36. h6 Qg6 37. Qxg6 1-0

[Event "AUTO-OPEN-2619"]
[Site "http://www.queenalice.com/game.php?id=1032991"]
[Date "2012.2.25"]
[Round "1"]
[White "Tinoco"]
[Black "strutz"]
[Result "0-1"]
[WhiteElo "1741"]
[BlackElo "1826"]

1. e4 Nf6 2. e5 Nd5 3. d4 d6 4. Nf3 g6 5. Bb5+ c6 6. Ba4 Bg7 7. c4 Nb6 8. Bb3
O-O 9. Na3 Bg4 10. h3 Bxf3 11. Qxf3 dxe5 12. dxe5 Bxe5 13. Bh6 Bg7 14. Be3 Bxb2
15. Rd1 Qc7 16. Nc2 Bc3+ 17. Bd2 Bxd2+ 18. Rxd2 Na6 19. O-O Nc5 20. Re1 Rad8 21.
Rxd8 Rxd8 22. Qg3 Qc8 23. Rxe7 Qf5 24. Ne3 Qf6 25. Qc7 Rd2 26. Re8+ Kg7 27. Ng4
Qa1+ 28. Kh2 h5 29. Qe5+ Qxe5+ 30. Nxe5 Rxf2 31. Re7 a5 32. Kg3 Rf6 33. Kh4 Kf8
34. Rc7 Rf4+ 35. g4 hxg4 36. hxg4 a4 37. Bc2 Rf2 38. Bxg6 fxg6 39. Nxg6+ Ke8 40.
Re7+ Kd8 41. Rg7 Rxa2 42. Nf4 Rd2 43. g5 a3 44. g6 a2 45. Rg8+ Ke7 46. Ra8 Nxa8
47. g7 Kf7 0-1

[Event "AUTO-OPEN-2619"]
[Site "http://www.queenalice.com/game.php?id=1032992"]
[Date "2012.2.25"]
[Round "1"]
[White "strutz"]
[Black "Tinoco"]
[Result "1-0"]
[WhiteElo "1791"]
[BlackElo "1741"]

1. e4 c5 2. c3 a6 3. a4 Nc6 4. Nf3 e6 5. Be2 Bd6 6. O-O h6 7. d4 cxd4 8. cxd4 e5
9. d5 Nce7 10. Nc3 Ng6 11. Be3 N8e7 12. a5 O-O 13. Bb6 Bc7 14. d6 Bxb6 15. dxe7
Bxf2+ 16. Rxf2 Qxe7 17. Nd5 Qc5 18. b4 Qa7 19. Rc1 d6 20. Nb6 Rb8 21. Qxd6 Be6
22. Bf1 Rbd8 23. Qc5 Qb8 24. Bc4 Bxc4 25. Rxc4 Rd1+ 26. Rf1 Rxf1+ 27. Kxf1 Rd8
28. Nd5 Qd6 29. Qxd6 Rxd6 30. Rc7 Nf4 31. Nxf4 exf4 32. Rxb7 g5 33. Ke2 g4 34.
Nh4 Re6 35. Kd3 Rd6+ 36. Kc4 Rc6+ 37. Kd5 Rc3 38. Rb6 f3 39. gxf3 gxf3 40. Rf6
Rb3 41. Kc4 Re3 42. Nxf3 Rxe4+ 43. Kc5 Re6 44. Rxe6 1-0

[Event "AUTO-ADV-2452"]
[Site "http://www.queenalice.com/game.php?id=1042989"]
[Date "2012.3.26"]
[Round "1"]
[White "favos"]
[Black "Tinoco"]
[Result "1-0"]
[WhiteElo "2072"]
[BlackElo "1664"]

1. e4 c5 2. Nf3 Nc6 3. Nc3 e6 4. d4 cxd4 5. Nxd4 Nxd4 6. Qxd4 Ne7 7. Bd3 Nc6 8.
Qa4 Qa5 9. Qxa5 Nxa5 10. Bd2 Nc6 11. O-O-O 1-0

[Event "AUTO-ADV-2452"]
[Site "http://www.queenalice.com/game.php?id=1042990"]
[Date "2012.3.26"]
[Round "1"]
[White "Tinoco"]
[Black "favos"]
[Result "0-1"]
[WhiteElo "1664"]
[BlackElo "2072"]

1. e4 e5 2. Nf3 Nc6 3. Bc4 Nf6 4. d3 Be7 5. Nc3 O-O 6. Ng5 h6 7. Nxf7 Rxf7 8.
Bxf7+ Kxf7 9. O-O Nd4 10. Be3 d6 11. f4 Bg4 12. Qd2 Kg8 13. fxe5 dxe5 14. h3 Bh5
15. g4 Bg6 16. Bxd4 Qxd4+ 17. Qf2 Qxf2+ 18. Kxf2 Rf8 19. Ke2 a6 0-1

[Event "AUTO-ADV-2452"]
[Site "http://www.queenalice.com/game.php?id=1043005"]
[Date "2012.3.26"]
[Round "1"]
[White "carloswecker"]
[Black "Tinoco"]
[Result "1-0"]
[WhiteElo "1956"]
[BlackElo "1795"]

1. d4 d5 2. c4 c6 3. Nf3 Bf5 4. Nc3 Nf6 5. e3 e6 6. a3 Nbd7 7. b4 dxc4 8. Bxc4
b5 9. Bd3 Bxd3 10. Qxd3 a5 11. Bb2 axb4 12. axb4 Rxa1+ 13. Bxa1 Bxb4 14. O-O Nc5
15. Qc2 Nb7 16. Ne4 Qd5 17. Nxf6+ gxf6 18. Bb2 Rg8 19. e4 Qh5 20. Qxc6+ Kf8 21.
Qc8+ Kg7 22. Qxb7 Kh8 23. e5 Qg4 24. g3 h5 25. Nh4 Qxh4 26. Qxf7 Qg5 27. exf6 h4
28. Qxe6 hxg3 29. fxg3 Kh7 30. Bc1 Bd2 31. Qe4+ Kh8 32. Bxd2 Qxd2 33. Qh4+ 1-0

[Event "AUTO-ADV-2452"]
[Site "http://www.queenalice.com/game.php?id=1043006"]
[Date "2012.3.26"]
[Round "1"]
[White "Tinoco"]
[Black "carloswecker"]
[Result "0-1"]
[WhiteElo "1780"]
[BlackElo "1993"]

1. e4 c5 2. Bc4 e6 3. Nc3 Ne7 4. Nf3 d5 5. exd5 Nxd5 6. Nxd5 exd5 7. Bb3 Be7 8.
d3 Be6 9. O-O O-O 10. h3 Nc6 11. Re1 Na5 12. Bd2 Nxb3 13. axb3 Bf6 14. c3 Re8
15. Qc1 d4 16. c4 a6 17. Bg5 Bxg5 18. Nxg5 Qc8 19. Qf4 Qd7 20. Re5 h6 21. Nf3
Qc7 22. Qg3 Rac8 23. Rae1 Kf8 24. Nh4 Qd7 25. Qf3 Kg8 26. Qg3 Kh8 27. f4 f6 28.
R5e2 Bf7 29. Rxe8+ Rxe8 30. Rxe8+ Qxe8 31. f5 Qe5 32. Qxe5 fxe5 33. Nf3 g5 34.
fxg6 Bxg6 35. Nxe5 Be8 36. Kf2 Kg7 37. Kf3 Kf6 38. Ng4+ Kg5 39. h4+ Kxh4 40.
Nxh6 Bc6+ 41. Kf2 Be8 42. g3+ Kg5 43. Ng8 Bg6 44. Ke2 Kg4 45. Ne7 Bh7 46. Nd5
Kxg3 47. Nf6 Bf5 48. Ne8 Bd7 49. Nd6 Bc6 50. Nf5+ Kf4 51. Ne7 Bh1 52. Nc8 Ke5
53. Kf2 Ke6 54. Nb6 Kd6 55. Kg3 Kc6 56. Na8 b5 57. cxb5+ axb5 58. Kf4 Kb7 59.
Ke5 Kxa8 60. Kd6 c4 61. bxc4 bxc4 62. dxc4 d3 0-1

[Event "AUTO-ADV-2452"]
[Site "http://www.queenalice.com/game.php?id=1043017"]
[Date "2012.3.26"]
[Round "1"]
[White "Tinoco"]
[Black "kiteflyer"]
[Result "0-1"]
[WhiteElo "1774"]
[BlackElo "1715"]

1. e4 e5 2. Nf3 Nc6 3. c3 Nf6 4. d3 g6 5. Bg5 Bg7 6. Nbd2 O-O 7. Be2 Qe8 8. h4
d5 9. Bxf6 Bxf6 10. exd5 Ne7 11. c4 b5 12. b3 c5 13. g4 Bxg4 14. Nxe5 Bxe5 15.
Rc1 Bxe2 16. Qxe2 Nf5 17. Kd1 Nd4 18. Qe4 b4 0-1

[Event "AUTO-ADV-2452"]
[Site "http://www.queenalice.com/game.php?id=1043018"]
[Date "2012.3.26"]
[Round "1"]
[White "kiteflyer"]
[Black "Tinoco"]
[Result "1-0"]
[WhiteElo "1695"]
[BlackElo "1794"]

1. e4 c5 2. Nf3 Nc6 3. d4 cxd4 4. Nxd4 Nxd4 5. Qxd4 e6 6. Nc3 a6 7. Be2 Ne7 8.
Be3 Nc6 9. Qd2 Bb4 10. a3 Ba5 11. b4 Bb6 12. O-O Ba7 13. Bxa7 Nxa7 14. f4 b6 15.
Qd4 O-O 16. Na4 b5 17. Nb6 Nc6 18. Qc5 Rb8 19. Nxc8 1-0

[Event "AUTO-OPEN-2644"]
[Site "http://www.queenalice.com/game.php?id=1043116"]
[Date "2012.3.26"]
[Round "1"]
[White "Tinoco"]
[Black "lupengui"]
[Result "0-1"]
[WhiteElo "1773"]
[BlackElo "2758"]

1. e4 c5 2. Nf3 d6 3. Nc3 Nf6 4. Bc4 Nc6 5. d3 e6 6. Bg5 h6 7. Bh4 a6 8. a3 b5
9. Ba2 Be7 10. h3 O-O 11. O-O Bb7 12. Ne2 Qc7 13. Bg3 Ne5 14. Nxe5 dxe5 15. f4
Rad8 16. Qc1 c4 17. fxe5 Nh5 18. Bh2 Qb6+ 19. Kh1 cxd3 20. cxd3 Rxd3 21. Nc3
Ng3+ 22. Bxg3 Rxg3 23. Qf4 Qe3 24. Rf3 Qxf4 25. Rxf4 Bxa3 26. Raf1 Bxb2 27. Bxe6
Rxc3 28. Bxf7+ Kh8 29. e6 Rc7 30. Rd1 g5 31. Rg4 Kg7 32. h4 Kf6 33. hxg5+ hxg5
34. Rf1+ Ke7 35. Rxg5 Rh8+ 36. Rh5 Rc1 37. Rxc1 Rxh5+ 38. Bxh5 Bxc1 39. Bf7 b4
40. g4 b3 0-1

[Event "AUTO-OPEN-2644"]
[Site "http://www.queenalice.com/game.php?id=1043117"]
[Date "2012.3.26"]
[Round "1"]
[White "lupengui"]
[Black "Tinoco"]
[Result "1-0"]
[WhiteElo "2750"]
[BlackElo "1776"]

1. d4 d5 2. c4 c6 3. Nf3 Nd7 4. cxd5 cxd5 5. Bf4 h6 6. Qc2 Qa5+ 7. Bd2 Qb6 8.
Nc3 e6 9. e3 a6 10. Bd3 Ngf6 11. O-O Bd6 12. h3 Qc7 13. Rac1 O-O 14. Rfe1 b5 15.
e4 dxe4 16. Nxe4 Qxc2 17. Rxc2 Be7 18. Ne5 Bb7 19. Nxf6+ Nxf6 20. Rc7 Bxg2 21.
Kxg2 Bd6 22. Rc2 Nd5 23. Be4 Rad8 24. Bxd5 exd5 25. Rc6 Bxe5 26. Rxe5 f6 27.
Ree6 Rfe8 28. Rxa6 Rxe6 29. Rxe6 Ra8 30. a3 Kf7 31. Rd6 g5 32. Rxd5 Rb8 33. Rc5
Ke6 34. d5+ Kd6 35. Bb4 Ke5 36. d6+ Ke6 37. Rc7 Rd8 38. Rh7 Kd5 39. Rxh6 f5 40.
Rg6 g4 41. hxg4 fxg4 42. Rxg4 1-0

[Event "AUTO-OPEN-2644"]
[Site "http://www.queenalice.com/game.php?id=1043118"]
[Date "2012.3.26"]
[Round "1"]
[White "Tinoco"]
[Black "ocarrasco"]
[Result "0-1"]
[WhiteElo "1664"]
[BlackElo "2057"]

1. e4 c5 2. c3 e5 3. Nf3 Nc6 4. Bc4 Be7 5. d3 Nf6 6. Ng5 O-O 7. Nxf7 Rxf7 8.
Bxf7+ Kxf7 9. h3 d5 10. exd5 Qxd5 11. Rg1 Bf5 12. c4 Qxd3 13. Qxd3 Bxd3 14. b3
Nd4 15. Na3 a6 16. Bb2 Re8 0-1

[Event "AUTO-OPEN-2644"]
[Site "http://www.queenalice.com/game.php?id=1043119"]
[Date "2012.3.26"]
[Round "1"]
[White "ocarrasco"]
[Black "Tinoco"]
[Result "1-0"]
[WhiteElo "2059"]
[BlackElo "1662"]

1. e4 c5 2. f4 e6 3. Nf3 Nc6 4. d3 h6 5. Be3 b6 6. g3 Bd6 7. Bg2 Bb7 8. O-O Nge7
9. Nc3 a6 10. Qd2 Nb4 11. a3 Nbc6 12. d4 cxd4 13. Nxd4 Nxd4 14. Bxd4 Bc5 15. Kh1
Bxd4 16. Qxd4 1-0